Les 20 plus grandes villes des Hauts-de-Seine sur une carte - Statistiques

Statistiques générales
  • Ce quiz a été pris 220 fois
  • Le résultat moyen est 14 sur 20
Réponses sur la Carte
Les réponses sont colorées sur une échelle allant du rouge au vert en fonction du pourcentage des utilisateurs qui les ont devinées à leur premier essai. Vous pouvez retrouver ces pourcentages ci-dessous.
 
Statistiques - réponses
Commune Population % Correct
Nanterre 98 119
95%
Boulogne-Billancourt 120 205
93%
Colombes 90 692
79%
Clamart 56 882
75%
Levallois-Perret 68 412
75%
Neuilly-sur-Seine 59 200
75%
Puteaux 44 198
75%
Asnières-sur-Seine 91 457
74%
Courbevoie 81 945
74%
Antony 64 026
72%
Issy-les-Moulineaux 67 695
72%
Rueil-Malmaison 80 842
71%
Clichy 65 102
67%
Gennevilliers 50 874
66%
Montrouge 46 273
65%
Suresnes 48 932
62%
Bagneux 43 647
61%
Meudon 46 722
57%
Châtillon 36 224
47%
Châtenay-Malabry 35 490
39%
Aucun quiz correspondant
Distribution des résultats
% des personnes avec chaque résultat
Percentile par nombre de réponses
Votre historique - résultats
Vous n’avez pas pris ce quiz